[Event "Wch U16 Girls"]
[Site "Montesilvano"]
[Date "2023.11.18"]
[Round "6"]
[White "Sana, Omprakash Kayyar"]
[Black "Kayis, Gulcan Sena"]
[Result "0-1"]
[WhiteElo "1562"]
[BlackElo "1859"]
[PlyCount "38"]
[EventDate "2023.11.13"]
[EventType "swiss"]
[EventRounds "11"]
[EventCountry "ITA"]
[SourceTitle "CB48_2023"]
[SourceDate "2023.11.29"]
[SourceVersion "1"]
[SourceVersionDate "2023.11.29"]
[SourceQuality "1"]

1. d4 d5 2. Nf3 Nf6 3. c4 c6 4. Nc3 e6 5. e3 Nbd7 6. Qc2 Bd6 7. g4 Bb4 8. Bd2 Bxc3 9. Bxc3 Ne4 10. Bd3 Nxc3 11. Qxc3 dxc4 12. Bxc4 b5 13. Be2 Bb7 14. 0-0-0 Qe7 15. Rhg1 b4 16. Qc2 0-0-0 17. Qa4 Kb8 18. Kb1 Nb6 19. Qa5 Rd5 0-1

[Event "Wch U16 Girls"]
[Site "Montesilvano"]
[Date "2023.11.15"]
[Round "3"]
[White "Trunz, Michelle"]
[Black "Sana, Omprakash Kayyar"]
[Result "1-0"]
[WhiteElo "1997"]
[BlackElo "1562"]
[PlyCount "113"]
[EventDate "2023.11.13"]
[EventType "swiss"]
[EventRounds "11"]
[EventCountry "ITA"]
[SourceTitle "CB48_2023"]
[SourceDate "2023.11.29"]
[SourceVersion "1"]
[SourceVersionDate "2023.11.29"]
[SourceQuality "1"]

1. d4 d5 2. c4 e6 3. Nc3 Nf6 4. Bg5 Be7 5. Nf3 0-0 6. Rc1 b6 7. cxd5 Nxd5 8. Nxd5 exd5 9. Bxe7 Qxe7 10. g3 Ba6 11. e3 Bxf1 12. Kxf1 Qd7 13. Kg2 Rc8 14. Qd3 Nc6 15. Ng5 g6 16. h4 h5 17. Rhe1 Nd8 18. Nf3 Ne6 19. Ne5 Qe7 20. Qb5 c5 21. Rcd1 Rc7 22. a4 Rac8 23. Rd2 Qd6 24. b3 cxd4 25. exd4 Rc3 26. a5 Nc7 27. Qd7 Qxd7 28. Nxd7 Rd8 29. axb6 Rxd7 30. bxc7 Rcxc7 31. Ra2 Rb7 32. Ra5 f6 33. Ra6 Rb6 34. Rxb6 axb6 35. Re6 Kf7 36. Rxb6 Rc7 37. Kf3 Rc2 38. Ke3 Rb2 39. b4 Ke7 40. b5 Rb3+ 41. Kd2 Rf3 42. Rb7+ Kd6 43. Ke2 Rb3 44. b6 Rb2+ 45. Ke3 Rb3+ 46. Kd2 Rb2+ 47. Kc3 Rxf2 48. Rf7 Rf3+ 49. Kb2 Rf2+ 50. Ka3 Rf3+ 51. Ka4 Rf1 52. Ka5 Ra1+ 53. Kb5 Rb1+ 54. Ka6 Ke6 55. Rc7 Kd6 56. Rc5 g5 57. b7 1-0

[Event "Kampala Kireka op 6th"]
[Site "Kampala"]
[Date "2022.12.28"]
[Round "1"]
[White "Sana, Omprakash Kayyar"]
[Black "Gonza, Simon"]
[Result "0-1"]
[WhiteElo "1433"]
[BlackElo "2054"]
[PlyCount "48"]
[EventDate "2022.12.28"]
[EventType "swiss"]
[EventRounds "8"]
[EventCountry "UGA"]
[SourceTitle "EXT 2024"]
[Source "ChessBase"]
[SourceDate "2023.10.10"]
[SourceVersion "1"]
[SourceVersionDate "2023.10.10"]
[SourceQuality "1"]

1. e4 e6 2. d4 c5 3. Nf3 cxd4 4. Nxd4 Nc6 5. Nc3 a6 6. Be3 Qc7 7. Qd2 Nf6 8. f3 b5 9. a3 Bb7 10. g4 d6 11. 0-0-0 Rc8 12. g5 Nd7 13. f4 Nc5 14. Bg2 Na5 15. Qe2 Nc4 16. Bf2 Be7 17. h4 Qa5 18. Be1 Qb6 19. Na2 a5 20. Kb1 Na4 21. Bf2 Qa6 22. f5 e5 23. Nb3 Naxb2 24. Nc3 b4 0-1